| 000 | 00992cab a2200289 4500 | ||
|---|---|---|---|
| 001 | ABS50073 | ||
| 008 | 090401t1994 xxu||||| |||| 00| 0 eng d | ||
| 035 | _a(Sirsi) u74010 | ||
| 041 | _aeng | ||
| 100 | _aMorrison, A. | ||
| 245 | _aCostain Building & Civil Engineering v Scottish Rugby Union | ||
| 260 | _c1994 | ||
| 350 | _a0 | ||
| 490 |
_aBuilding _v259(7832) 25 February 1994, 34(1) |
||
| 520 | _aNotes on this case, in which the Scottish courts have arrested assets to secure the sums in dispute, and on the opportunities for implementing arrestments in England. | ||
| 650 | _aARRESTMENT | ||
| 650 | _aCIVIL JURISDICTION AND JUDGEMENTS ACT 1982 S27 | ||
| 650 | _aCONTRACT DISPUTES | ||
| 650 | _aCOSTAIN BUILDING & CIVIL ENGINEERING V SCOTTISH RUGBY UNION [SRU] | ||
| 650 | _aFROZEN ASSETS | ||
| 650 | _aLOSS AND EXPENSE | ||
| 650 | _aMURRAYFIELD | ||
| 650 | _aSCOTLAND | ||
| 690 | _aBUILT ENVIRONMENT-BUILDING CONTRACT FORMS | ||
| 942 | _n0 | ||
| 948 | _c04/03/1997 | ||
| 999 |
_c46714 _d46714 |
||